000 00519nam a2200181Ia 4500
008 200115s9999 xx 000 0 und d
100 _aNelson, Brooke
245 _aHow to avoid hackers on holiday/
245 _cBrooke Nelson
260 _bReader's Digest Asia
260 _c2019
300 _aPages 78-80, August 2019
440 _aAsia Reader's Digest: Acts of Kindness Everyone can do
_v116:678
650 _acybercrime
650 _ahackers
650 _ahacking
650 _aidentity theft -- Prevention
999 _c362924
_d362924